000 00529nam a2200181 i 4500
001 84500
003 ES-MaACL
005 20230906175026.0
007 t|
008 041123s1932 fr ||||1| fre d
080 _a929Joffre, Joseph
100 1 _aJoffre, Joseph.
_9149613
245 1 0 _aMémoires du Maréchal Joffre
_b: (1910-1917) /
_cCesareo Joseph Jacques Joffre.
260 _aParis :
_bPlon,
_c[1932]
300 _a468 p., 15 lám. :
_bil. ;
_c23 cm.
600 1 4 _aJoffre, Joseph.
_9149613
852 _aES-MaACL
_jB-13598
999 _c84500
_d84500